00713nam a2200169 a 450000100100000000500170001000800410002704000250006808200150009310000290010824501660013726000720030330000280037550000620040350400410046570000370050600001622620200929164328.0100301s1986 dr a 001 0 spa d aDO-SdBNPbspacBNPHU axxxbR789m1 aRosario Mota, Gumersindo10aMetodología para calcular índice de salario normal y su aplicación en la economía dominicana /cGumersindo Rosario Mota, Teresa del Pilar Hidalgo Flores. aSanto Domingo :bBanco Central de la República Dominicana,c1986. a308 p. :bil. ;c22 cm. aIncluye datos biográficos de los autores en las solapas aIncluye bibliografías [p. 307-308]1 aHidalgo Flores, Teresa del Pilar